000
00282nam a2200121Ia 4500
005
20250423095622.0
008
250422s9999 xx 000 0 und d
020
_a
0-8240-4430-4
245
0
_a
Historic US Court Cases 1960-1990
260
_b
Garland
260
_c
1992
942
_c
BK
999
_c
30822
_d
30822